Normal view
MARC view
Entry Personal Name
001 - CONTROL NUMBER
- control field: 161502
003 - CONTROL NUMBER IDENTIFIER
- control field: OSt
005 - DATE AND TIME OF LATEST TRANSACTION
- control field: 20220923211807.0
008 - FIXED-LENGTH DATA ELEMENTS
- fixed length control field: 220923|| aca||aabn | a|a d
040 ## - CATALOGING SOURCE
- Original cataloging agency: OSt
- Transcribing agency: OSt
100 ## - HEADING--PERSONAL NAME
- Personal name: अययर, सुब्रहमण्य; द्विवेदी, रामचन्द्र, अनु
670 ## - SOURCE DATA FOUND
- Source citation: Work cat.: (OSt)303652: अययर, सुब्रहमण्य; द्विवेदी, रामचन्द्र, अनु., भतृहरि, 1981
